| 000 | 00511nam a2200205Ia 4500 | ||
|---|---|---|---|
| 005 | 20240823022728.0 | ||
| 008 | 240823s9999||||xx |||||||||||||| ||und|| | ||
| 020 | _a81-7809-166-6 | ||
| 041 | _aENGLISH | ||
| 082 | _A658.0092 P3 | ||
| 100 | _a"Gootnick,Margaret Mary" | ||
| 245 | 0 | _aAction Tools for Effective Managers | |
| 250 | _a1st | ||
| 260 |
_c2003 _b"Magna,M" _aMumbai |
||
| 500 | _aYES | ||
| 650 |
_aManager _bManagement Studies |
||
| 700 | _a" Goodnick,David" | ||
| 942 | _cBK | ||
| 999 |
_c179859 _d179859 |
||